Mentiras y verdades sobre las concesiones en Colombia : (Registro nro. 7766)
[ vista simple ]
| 000 -LEADER | |
|---|---|
| fixed length control field | 02064nam a2200301Ia 4500 |
| 003 - CONTROL NUMBER IDENTIFIER | |
| control field | OSt |
| 005 - DATE AND TIME OF LATEST TRANSACTION | |
| control field | 20210503100457.0 |
| 008 - FIXED-LENGTH DATA ELEMENTS--GENERAL INFORMATION | |
| fixed length control field | 210310s2010 ck ad gr 000 0 spa d |
| 040 ## - CATALOGING SOURCE | |
| Original cataloging agency | CO-JMCR |
| Transcribing agency | CO-JMCR |
| 041 0# - LANGUAGE CODE | |
| Language code of text/sound track or separate title | spa |
| 082 04 - DEWEY DECIMAL CLASSIFICATION NUMBER | |
| Classification number | 336.11 / |
| Item number | S961m |
| Edition number | 23 |
| 100 1# - MAIN ENTRY--PERSONAL NAME | |
| Personal name | Suárez Montaño, Francisco José, |
| 9 (RLIN) | 15394 |
| Relator term | autor |
| 245 10 - TITLE STATEMENT | |
| Title | Mentiras y verdades sobre las concesiones en Colombia : |
| Remainder of title | reflexiones sobre algunos aspectos de la evolución de las políticas públicas en concesiones en Colombia y su situación actual : comentarios y respuestas al documento elaborado por Juan Benavides en el marco de los documentos "Debates presidenciales" de la CAF y Fedesarrollo / |
| Statement of responsibility, etc. | Francisco José Suárez Montaño ; colaboración de Beatriz Ariza, Manuel Gutiérrez, Clara Plazas |
| 260 ## - PUBLICATION, DISTRIBUTION, ETC. | |
| Place of publication, distribution, etc. | Bogotá : |
| Name of publisher, distributor, etc. | Cámara Colombiana de la Infraestructura, |
| Date of publication, distribution, etc. | 2010 |
| 300 ## - PHYSICAL DESCRIPTION | |
| Extent | 61 páginas : |
| Other physical details | Ilustraciones y gráficas a blanco y negro ; |
| Dimensions | 23 cm. |
| 500 ## - GENERAL NOTE | |
| General note | Incluye notas a pie de página. |
| 504 ## - BIBLIOGRAPHY, ETC. NOTE | |
| Bibliography, etc. note | Bibliografía: páginas 59-61 |
| 505 0# - FORMATTED CONTENTS NOTE | |
| Formatted contents note | La calidad de los proyectos interesa a todos los actores -- El desarrollo de la infraestructura a partir del modelo concesionado -- La parte privada en la historia de las concesiones en Colombia -- Aspectos institucionales -- Aspectos financieros complementarios sobre las concesiones en Colombia -- Aspectos del entorno general de las concesiones en Colombia -- El tema de las renegociaciones -- Aspectos jurídicos relevantes |
| 650 14 - SUBJECT ADDED ENTRY--TOPICAL TERM | |
| Topical term or geographic name entry element | Construcción de carreteras |
| 9 (RLIN) | 15396 |
| General subdivision | Contratos de concesión |
| Geographic subdivision | Colombia |
| 650 24 - SUBJECT ADDED ENTRY--TOPICAL TERM | |
| Topical term or geographic name entry element | Contratos de concesión |
| General subdivision | Política gubernamental |
| Geographic subdivision | Colombia |
| 9 (RLIN) | 37331 |
| 650 24 - SUBJECT ADDED ENTRY--TOPICAL TERM | |
| Topical term or geographic name entry element | Contratos de concesión |
| General subdivision | Historia |
| Geographic subdivision | Colombia |
| 9 (RLIN) | 37332 |
| 650 24 - SUBJECT ADDED ENTRY--TOPICAL TERM | |
| Topical term or geographic name entry element | Construcción de carreteras |
| Form subdivision | Estudio de casos |
| General subdivision | Prácticas corruptas |
| Geographic subdivision | Colombia |
| 9 (RLIN) | 37333 |
| 650 24 - SUBJECT ADDED ENTRY--TOPICAL TERM | |
| Topical term or geographic name entry element | Contratos públicos |
| General subdivision | Aspectos financieros |
| Geographic subdivision | Colombia |
| 9 (RLIN) | 37334 |
| 700 1# - ADDED ENTRY--PERSONAL NAME | |
| Personal name | Ariza, Beatriz, |
| Relator term | colaboradora |
| 9 (RLIN) | 37335 |
| 700 1# - ADDED ENTRY--PERSONAL NAME | |
| Personal name | Gutiérrez, Manuel, |
| Relator term | colaborador |
| 9 (RLIN) | 37336 |
| 700 1# - ADDED ENTRY--PERSONAL NAME | |
| Personal name | Plazas, Clara, |
| Relator term | colaboradora |
| 9 (RLIN) | 37337 |
| 942 ## - ADDED ENTRY ELEMENTS (KOHA) | |
| Source of classification or shelving scheme | Dewey Decimal Classification |
| Koha item type | Books |
| Withdrawn status | Lost status | Source of classification or shelving scheme | Damaged status | Not for loan | Collection code | Home library | Current library | Date acquired | Source of acquisition | Full call number | Barcode | Date last seen | Copy number | Koha item type | Total Checkouts | Price effective from |
|---|---|---|---|---|---|---|---|---|---|---|---|---|---|---|---|---|
| Dewey Decimal Classification | Non-fiction | Biblioteca Pública José María del Castillo y Rada | Biblioteca Pública José María del Castillo y Rada | 04/15/2018 | Donación | 336.11 / S961m | 430004490 | 05/16/2024 | Ej.1 | Books | ||||||
| Dewey Decimal Classification | Non-fiction | Biblioteca Pública José María del Castillo y Rada | Biblioteca Pública José María del Castillo y Rada | 04/15/2018 | Donación | 336.11 / S961m | 430004489 | 05/16/2024 | Ej.2 | Books | 05/03/2021 |